| 000 | 01474nam a2200361Ia 4500 | ||
|---|---|---|---|
| 001 | ebr10428189 | ||
| 003 | CaPaEBR | ||
| 006 | m u | ||
| 007 | cr cn||||||||| | ||
| 008 | 100616s2010 enka sb 001 0 eng d | ||
| 010 | _z 2010025101 | ||
| 020 | _z9781409405955 | ||
| 020 | _z9781409405962 | ||
| 040 |
_aCaPaEBR _cCaPaEBR |
||
| 035 | _a(OCoLC)755019426 | ||
| 050 | 1 | 4 |
_aBX3545.P6 _bS76 2010eb |
| 082 | 0 | 4 |
_a271/.20438 _222 |
| 100 | 1 | _aStolarski, Piotr. | |
| 245 | 1 | 0 |
_aFriars on the frontier _h[electronic resource] : _bCatholic renewal and the Dominican Order in southeastern Poland, 1594-1648 / _cPiotr Stolarski. |
| 260 |
_aFarnham, Surrey, England ; _aBurlington, VT : _bAshgate Pub., _cc2010. |
||
| 300 |
_axvi, 265 p. : _bill. |
||
| 490 | 1 | _aCatholic Christendom, 1300-1700 | |
| 504 | _aIncludes bibliographical references and index. | ||
| 533 |
_aElectronic reproduction. _bPalo Alto, Calif. : _cebrary, _d2011. _nAvailable via World Wide Web. _nAccess may be limited to ebrary affiliated libraries. |
||
| 610 | 2 | 0 |
_aDominicans _zPoland _xHistory. |
| 650 | 0 |
_aChurch renewal _xCatholic Church _xHistory. |
|
| 650 | 0 |
_aChurch renewal _zPoland _xHistory. |
|
| 651 | 0 |
_aPoland _xChurch history. |
|
| 655 | 7 |
_aElectronic books. _2local |
|
| 710 | 2 | _aebrary, Inc. | |
| 830 | 0 | _aCatholic Christendom, 1300-1700. | |
| 856 | 4 | 0 |
_uhttp://site.ebrary.com/lib/rucke/Doc?id=10428189 _zAn electronic book accessible through the World Wide Web; click to view |
| 999 |
_c143705 _d143705 |
||